[Event "Olympiad-25"]
[Site "Luzern"]
[Date "1982.11.15"]
[Round "14"]
[White "Sel, Cetin"]
[Black "Nokes, Roger I"]
[Result "1/2-1/2"]
[WhiteElo "2200"]
[BlackElo "2345"]
[PlyCount "145"]
[EventDate "1982.10.30"]
[EventType "team-swiss"]
[EventRounds "14"]
[EventCountry "SUI"]
[SourceTitle "EXT 1997"]
[Source "ChessBase"]
[SourceDate "1996.11.15"]
[SourceVersion "1"]
[SourceVersionDate "1996.11.15"]
[SourceQuality "1"]
[WhiteTeam "Turkey"]
[BlackTeam "New Zealand"]
[WhiteTeamCountry "TUR"]
[BlackTeamCountry "NZL"]

1. e4 e6 2. d4 a6 3. c4 b5 4. Nf3 Bb7 5. d5 exd5 6. cxd5 Nf6 7. Bd3 Be7 8. 0-0 0-0 9. Nc3 d6 10. Ne2 c6 11. dxc6 Nxc6 12. Ng3 Re8 13. Nf5 Bf8 14. Re1 h6 15. Bf4 Ne5 16. Nxe5 dxe5 17. Bg3 g6 18. Nh4 Nh5 19. Qf3 Nxg3 20. Qxg3 Qg5 21. Rad1 Rad8 22. Bc2 Qxg3 23. hxg3 Bb4 24. Rf1 Kg7 25. Nf3 Kf6 26. a3 Ba5 27. Kh2 h5 28. Ng1 Rxd1 29. Rxd1 Rd8 30. Rxd8 Bxd8 31. Ne2 Ke7 32. Kg1 Kd6 33. Nc3 Bg5 34. Ne2 Bc6 35. Kf1 a5 36. Ke1 b4 37. axb4 axb4 38. Bd3 Kc5 39. b3 Bh6 40. Kd1 f6 41. Kc2 Bf8 42. f3 Be8 43. Bc4 Bh6 44. Be6 Be3 45. Kd3 Bf2 46. Kd2 Kd6 47. Bc8 Bf7 48. Kc2 Kc7 49. Ba6 f5 50. Bd3 fxe4 51. Bxe4 g5 52. Kb2 Kb6 53. Kc2 Kc5 54. Kb2 g4 55. Kc2 Be8 56. Bd3 Bc6 57. Be4 Be8 58. Bf5 gxf3 59. gxf3 Bf7 60. Be4 Kd6 61. Bd3 Ke7 62. Be4 Kf6 63. Kb2 Kg5 64. Kc2 Be6 65. Bc6 Bf7 66. Be4 Bxg3 67. Nxg3 h4 68. Nf1 Kf4 69. Bc6 Be6 70. Be4 Bh3 71. Nh2 Be6 72. Nf1 Bh3 73. Nh2 1/2-1/2